Diagnostika a liečba hlbokej žilovej trombózy

Bibliographic Details
Main Author: Bzdúchová, Oľga, MUDr (Author)
Format: Article
Language:Slovak
ISSN:1335-8359
Subjects:

MARC

LEADER 00000nab a2200000 a 4500
001 vtls000877424
003 SK-MaSNL
005 20260304214811.0
008 250429c2004 xo 0 slo
015 |a SNBRB2004/06-19873 
035 |a CLN000228976 
035 |a urn:nbn:sk:snk-ab32bi 
035 |a (urnnbn)urn:nbn:sk:snk:ar-a05jt7 
035 |a (uuid)1251e565-4295-408d-ac14-6d3cd7611837 
040 |a SNKBUCL  |b slo  |c SNKBUCL  |e AACR2 
041 0 |a slo 
044 |a xo  |c SK 
080 |a 616.14-005.6-07-08:061.3  |2 1997 
100 1 |a Bzdúchová, Oľga,  |c MUDr.  |4 aut  |9 646516 
245 1 0 |a Diagnostika a liečba hlbokej žilovej trombózy  |c O. Bzdúchová 
650 0 7 |a techniky a postupy laboratórne  |x využitie  |2 MESH  |9 852264 
650 0 7 |a terapia  |2 MESH  |9 781 
650 0 7 |a ultrasonografia Dopplerova duplexná  |x využitie  |2 MESH  |9 874980 
650 0 7 |a angioplastika balóniková  |x klasifikácia  |2 MESH  |9 1309049 
650 0 7 |a trombektómia  |x využitie  |2 MESH  |9 1548882 
650 0 7 |a žilová trombóza  |2 SNKPH  |9 179695 
650 0 7 |a diagnostika (medicína)  |2 SNKPH  |9 28740 
655 7 |a články z novín a časopisov  |2 SNK  |9 267496 
773 0 |t Interná medicína  |g Roč. 4, č. 3 (2004), s. 190-192  |x 1335-8359 
850 |a Slovenská národná knižnica 
852 |a Slovenská národná knižnica 
954 |a odborná, vedecká literatúra pôvodná (slovenská)  |2 lita 
958 |a article2022 
958 |a MI 
958 |a OND 
958 |a EUIPO 
999 |c 3143328  |d 3145258